The moment of eclipse

Saved in:
Bibliographic Details
Main Author: Aldiss, Brian Wilson, 1925-
Format: Book
Language:English
Published: London, Faber and Faber Ltd., 1970.
Subjects:
LEADER 00892nam a2200253 4500
001 c000133573
003 CARM
005 00000000000000.0
008 710812s1970 enk 00011 eng
010 |a 79582681 //r94 
015 |a B71-06939 
019 1 |a 113214  |z 23852706  |z 50644433  |5 LACONCORD2021 
020 |a 0571095704 
035 |a (OCoLC)156360  |5 LACONCORD2021 
050 0 0 |a PZ4.A363  |b Mo3  |a PR6051.L3 
082 0 0 |a 823/.9/14 
100 1 |a Aldiss, Brian Wilson,  |d 1925- 
245 1 4 |a The moment of eclipse  |c [by] Brian W. Aldiss. 
260 |a London,  |b Faber and Faber Ltd.,  |c 1970. 
300 |a 215 p.  |c 21 cm. 
650 0 |a Science fiction, English. 
852 8 |b CARM  |h A2:AB36A0  |i B02992  |p 0133933  |f BK 
999 f f |i 8226b152-09d8-5d26-8dfa-2e83277f9dda  |s 5f31b79f-fecd-5a96-a030-4e09ea0b2c95 
952 f f |p Can circulate  |a CAVAL  |b CAVAL  |c CAVAL  |d CARM 1 Store  |e B02992  |f A2:AB36A0  |h Other scheme  |i book  |m 0133933